header

Modeling human and organizational behavior (Record no. 61024)

MARC details
000 -LEADER
fixed length control field 01540nam a2200349 a 4500
082 04 - DEWEY DECIMAL CLASSIFICATION NUMBER
Classification number 355/.001/9
245 00 - TITLE STATEMENT
Title Modeling human and organizational behavior
260 ## - PUBLICATION, DISTRIBUTION, ETC. (IMPRINT)
Place of publication Washington, D.C. :
Name of publisher National Academy Press,
Year of publication 1998.
300 ## - PHYSICAL DESCRIPTION
Number of Pages xi, 418 p. :
Other physical details ill.
500 ## - GENERAL NOTE
General note This report is the work of the Panel on Modeling Human Behavior and Command Decision Making: Representations for Military Simulations, established by the National Research Council in 1996.
650 #0 - SUBJECT ADDED ENTRY--TOPICAL TERM
Topical Term Psychology, Military.
Topical Term Human behavior
Topical Term Decision making.
Topical Term Command of troops.
700 1# - ADDED ENTRY--PERSONAL NAME
Personal name Pew, Richard W.
Personal name Mavor, Anne S.
856 40 - ELECTRONIC LOCATION AND ACCESS
Uniform Resource Identifier http://site.ebrary.com/lib/rucke/Doc?id=10041180

No items available.

© 2026 Rongo University
Contact us: librarian | system librarian | Rongo university